| 000 | 00760nam a22002057a 4500 | ||
|---|---|---|---|
| 005 | 20251108172644.0 | ||
| 008 | 250721s1999 xx 000 0 ara d | ||
| 082 | 1 | 4 | _a333,76/جار |
| 100 | 1 | _aجاردنر، جاري | |
| 245 | 1 | 0 | _aتقلص مساحه الحقول فقد اراضي المحاصيل في عالم / |
| 264 | 1 |
_aالقاهره : _bالدار الدوليه للنشر و التوزيع، _c1999. |
|
| 300 | _a92 ص | ||
| 490 | 0 | _aسلسله معهد مراقبه البيئه العالميه (رولداتش ) 131 | |
| 650 | 1 | 7 | _aالإقتصاد الزراعي |
| 650 | 1 | 7 | _aحماية البيئة |
| 650 | 1 | 7 | _aالتنمية الزراعية |
| 650 | 1 | 7 | _aالإقتصاد الغذائي |
| 942 |
_2ddc _cBK |
||
| 999 |
_c85104 _d85104 |
||